[Event "Belgrade Letnji Jezero op"]
[Site "Belgrade"]
[Date "2018.08.11"]
[Round "8"]
[White "Sarenac, David"]
[Black "Zakic, Srdjan"]
[Result "0-1"]
[WhiteElo "2251"]
[BlackElo "2337"]
[PlyCount "104"]
[EventDate "2018.08.04"]
[EventType "swiss"]
[EventRounds "9"]
[EventCountry "SRB"]
[SourceTitle "CBM 185 Extra"]
[Source "ChessBase"]
[SourceDate "2018.07.29"]
[SourceVersion "1"]
[SourceVersionDate "2018.07.29"]
[SourceQuality "1"]

1. e4 c5 2. Nc3 Nc6 3. Bb5 Nd4 4. Nf3 a6 5. Bd3 Nxf3+ 6. Qxf3 d6 7. 0-0 Nf6 8. a3 g6 9. b4 Bg7 10. Re1 Ng4 11. Bf1 Bd4 12. Re2 Ne5 13. Qg3 Bg4 14. Re1 h5 15. h3 h4 16. Qf4 e6 17. Bb2 g5 18. Qh2 Qf6 19. Nd1 Bxd1 20. Bxd4 cxd4 21. Raxd1 g4 22. Be2 Rg8 23. hxg4 Nxg4 24. Bxg4 Rxg4 25. Qh3 Qg5 26. Kh1 Ke7 27. e5 d5 28. Re2 Rg8 29. Rg1 Rg6 30. c3 dxc3 31. dxc3 Rg3 32. fxg3 hxg3 33. Rge1 Rh6 34. Re3 Rxh3+ 35. gxh3 Qf4 36. R3e2 Qf3+ 37. Kg1 Qxc3 38. Re3 Qd2 39. R1e2 Qd1+ 40. Re1 Qc2 41. Rxg3 d4 42. Rg2 Qc3 43. Rd1 Qe3+ 44. Rf2 Qxe5 45. Rd3 Qe4 46. Rg3 Qe1+ 47. Kg2 e5 48. Rgf3 Qe4 49. Kf1 Qd5 50. h4 d3 51. Ke1 e4 52. Rf5 d2+ 0-1

[Event "Skopje Karposh op"]
[Site "Skopje"]
[Date "2018.03.25"]
[Round "2"]
[White "Sarenac, David"]
[Black "Markus, Robert"]
[Result "0-1"]
[WhiteElo "2306"]
[BlackElo "2615"]
[PlyCount "50"]
[EventDate "2018.03.24"]
[EventType "swiss"]
[EventRounds "9"]
[EventCountry "MKD"]
[SourceTitle "CBM 183 Extra"]
[Source "ChessBase"]
[SourceDate "2018.04.19"]
[SourceVersion "1"]
[SourceVersionDate "2018.04.19"]
[SourceQuality "1"]

1. e4 e6 2. d4 d5 3. Nc3 Nc6 4. e5 a6 5. Nf3 f6 6. Bf4 g5 7. Bg3 g4 8. Nd2 Nxd4 9. Bd3 Nh6 10. h3 c5 11. hxg4 Nf7 12. Rxh7 Rxh7 13. Bxh7 fxe5 14. Ne2 Qf6 15. c3 Nc6 16. Qc2 e4 17. Bxe4 dxe4 18. 0-0-0 Bh6 19. Qxe4 e5 20. Kb1 Ng5 21. Qc4 Be6 22. Qxc5 Qg6+ 23. Ka1 Qc2 24. Rh1 Qxd2 25. Nc1 0-0-0 0-1

[Event "Skopje Karposh op"]
[Site "Skopje"]
[Date "2018.03.24"]
[Round "1"]
[White "Nikolov, Kole"]
[Black "Sarenac, David"]
[Result "0-1"]
[WhiteElo "1670"]
[BlackElo "2306"]
[PlyCount "92"]
[EventDate "2018.03.24"]
[EventType "swiss"]
[EventRounds "9"]
[EventCountry "MKD"]
[SourceTitle "CBM 183 Extra"]
[Source "ChessBase"]
[SourceDate "2018.04.19"]
[SourceVersion "1"]
[SourceVersionDate "2018.04.19"]
[SourceQuality "1"]

1. e4 c5 2. d3 Nf6 3. Be2 Nc6 4. f4 d5 5. e5 Nd7 6. Nf3 e6 7. c3 Be7 8. 0-0 0-0 9. Na3 Rb8 10. Nc2 b5 11. Bd2 a5 12. a3 b4 13. axb4 axb4 14. cxb4 cxb4 15. b3 Nc5 16. Ncd4 Bd7 17. Kh1 Qb6 18. Be3 Ra8 19. Qc2 Na5 20. Ra2 Rfc8 21. Qb2 Qd8 22. Rfa1 Ncb7 23. Rc1 Rxc1+ 24. Qxc1 Nc5 25. Qb1 Rc8 26. h3 Be8 27. Rc2 Nab7 28. Kh2 f6 29. Bd2 Qb6 30. Be3 Bg6 31. Rc1 Ra8 32. Nh4 Bf7 33. Nhf3 Ra3 34. f5 fxe5 35. Nxe5 Bd6 36. Bf4 Nd8 37. Kh1 Ra8 38. Qc2 Be8 39. Qd2 Qb8 40. Ndf3 Nxb3 41. Qe1 Nxc1 42. Qxc1 b3 43. fxe6 b2 44. Qe3 b1Q+ 45. Kh2 Nxe6 46. Ng6 Bxf4+ 0-1

[Event "Belgrade Trophy 31st"]
[Site "Belgrade"]
[Date "2017.11.29"]
[Round "6"]
[White "Sarenac, David"]
[Black "Eren, Ataberk"]
[Result "1/2-1/2"]
[WhiteElo "2374"]
[BlackElo "2169"]
[PlyCount "65"]
[EventDate "2017.11.24"]
[EventType "swiss"]
[EventRounds "9"]
[EventCountry "SRB"]
[SourceTitle "CBM 181 Extra"]
[Source "ChessBase"]
[SourceDate "2017.12.12"]
[SourceVersion "1"]
[SourceVersionDate "2017.12.12"]
[SourceQuality "1"]

1. e4 e6 2. d4 d5 3. Nc3 Nf6 4. e5 Nfd7 5. f4 c5 6. Nf3 Nc6 7. Be3 Be7 8. a3 c4 9. f5 b5 10. Be2 Qb6 11. Qd2 Bb7 12. 0-0 0-0-0 13. Bf2 Rdg8 14. b3 a6 15. Rfb1 Qa5 16. Qe3 Nd8 17. fxe6 Nxe6 18. b4 Qb6 19. a4 g5 20. axb5 axb5 21. g4 h5 22. Nd2 h4 23. Ra5 Bc6 24. Rba1 Nb8 25. Ra7 Re8 26. Bf3 Nf4 27. Ne2 Nxe2+ 28. Bxe2 Bb7 29. c3 Na6 30. Rxb7 Kxb7 31. Bf3 Nc7 32. Qe1 Ra8 33. Rb1 1/2-1/2

[Event "Belgrade Trophy 31st"]
[Site "Belgrade"]
[Date "2017.11.25"]
[Round "2"]
[White "Sarenac, David"]
[Black "Nikolic, Zoran M"]
[Result "1-0"]
[WhiteElo "2374"]
[BlackElo "2026"]
[PlyCount "45"]
[EventDate "2017.11.24"]
[EventType "swiss"]
[EventRounds "9"]
[EventCountry "SRB"]
[SourceTitle "CBM 181 Extra"]
[Source "ChessBase"]
[SourceDate "2017.12.12"]
[SourceVersion "1"]
[SourceVersionDate "2017.12.12"]
[SourceQuality "1"]

1. e4 e6 2. d4 d5 3. Nc3 Nf6 4. exd5 exd5 5. Bd3 Bg4 6. f3 Bh5 7. Bg5 c6 8. Qd2 Bd6 9. 0-0-0 0-0 10. Nge2 Nbd7 11. Ng3 Bg6 12. Nf5 Bxf5 13. Bxf5 Qc7 14. Kb1 Rfe8 15. g4 Re7 16. Bxd7 Qxd7 17. Bxf6 gxf6 18. Ne2 Qc7 19. Ng3 Bf4 20. Qd3 Rae8 21. Nh5 Re6 22. Qf5 Bxh2 23. f4 1-0

[Event "Palic Karadzic Memorial op"]
[Site "Palic"]
[Date "2017.11.03"]
[Round "9"]
[White "Tancik, Kristijan"]
[Black "Sarenac, David"]
[Result "1/2-1/2"]
[WhiteElo "2258"]
[BlackElo "2374"]
[PlyCount "87"]
[EventDate "2017.10.28"]
[EventType "swiss"]
[EventRounds "9"]
[EventCountry "SRB"]
[SourceTitle "CBM 181 Extra"]
[Source "ChessBase"]
[SourceDate "2017.12.12"]
[SourceVersion "1"]
[SourceVersionDate "2017.12.12"]
[SourceQuality "1"]

1. d4 d5 2. c4 dxc4 3. e3 e5 4. Bxc4 Nc6 5. Nf3 e4 6. Qb3 Nh6 7. Nfd2 Qg5 8. g3 Na5 9. Qb5+ Qxb5 10. Bxb5+ c6 11. Be2 f5 12. Nc3 Be6 13. Rb1 b6 14. b4 Nb7 15. 0-0 Rc8 16. f3 exf3 17. Bxf3 Nd6 18. d5 cxd5 19. Nxd5 Nhf7 20. Nf4 Bd7 21. Bb2 Ng5 22. Bd5 Bc6 23. Bxc6+ Rxc6 24. Rfc1 Rxc1+ 25. Rxc1 Kd7 26. a3 Rg8 27. Nd5 Ne6 28. Nf3 Nf7 29. Nh4 Nh6 30. Rf1 Kc6 31. Nf4 Nxf4 32. exf4 a5 33. bxa5 bxa5 34. Rc1+ Kb5 35. Nf3 Bc5+ 36. Nd4+ Bxd4+ 37. Bxd4 g6 38. Rc5+ Ka4 39. Bc3 Ra8 40. h3 Nf7 41. Rd5 Kb3 42. Rxa5 Rxa5 43. Bxa5 Kxa3 44. Bc7 1/2-1/2

[Event "Palic Karadzic Memorial op"]
[Site "Palic"]
[Date "2017.10.31"]
[Round "5"]
[White "Pajzer, Istvan"]
[Black "Sarenac, David"]
[Result "0-1"]
[WhiteElo "2096"]
[BlackElo "2374"]
[PlyCount "96"]
[EventDate "2017.10.28"]
[EventType "swiss"]
[EventRounds "9"]
[EventCountry "SRB"]
[SourceTitle "CBM 181 Extra"]
[Source "ChessBase"]
[SourceDate "2017.12.12"]
[SourceVersion "1"]
[SourceVersionDate "2017.12.12"]
[SourceQuality "1"]

1. d4 d5 2. c4 dxc4 3. Nc3 a6 4. a4 Nc6 5. Nf3 Nf6 6. Bg5 Bg4 7. e3 Na5 8. Be2 c6 9. Ne5 Bxe2 10. Qxe2 e6 11. Nxc4 Nxc4 12. Qxc4 Qa5 13. Bxf6 gxf6 14. 0-0 Qb4 15. Qd3 a5 16. e4 Rd8 17. d5 Be7 18. Qh3 e5 19. f4 Bc5+ 20. Kh1 Bd4 21. Ne2 Bxb2 22. Rab1 Qd2 23. Qf3 cxd5 24. fxe5 Bxe5 25. Rxb7 dxe4 26. Qxe4 Qd5 27. Qb1 Qd3 28. Qe1 Rg8 29. Nf4 Qd2 30. g3 Qxe1 31. Rxe1 Kf8 32. Ng2 Rg4 33. Nh4 Rxa4 34. Nf5 Rc4 35. Ra7 Rc7 36. Ra6 Rcc8 37. Re2 Ra8 38. Rb6 Ra7 39. Re4 a4 40. Rh4 a3 41. Rxh7 Rd1+ 42. Kg2 Ke8 43. Rh8+ Kd7 44. Rf8 Kc7 45. Rbb8 Kc6 46. Rfc8+ Bc7 47. Rb3 a2 48. Rc3+ Kd7 0-1

[Event "Palic Karadzic Memorial op"]
[Site "Palic"]
[Date "2017.10.30"]
[Round "4"]
[White "Sarenac, David"]
[Black "Beslin, Igor"]
[Result "1-0"]
[WhiteElo "2374"]
[BlackElo "2007"]
[PlyCount "41"]
[EventDate "2017.10.28"]
[EventType "swiss"]
[EventRounds "9"]
[EventCountry "SRB"]
[SourceTitle "CBM 181 Extra"]
[Source "ChessBase"]
[SourceDate "2017.12.12"]
[SourceVersion "1"]
[SourceVersionDate "2017.12.12"]
[SourceQuality "1"]

1. e4 c5 2. Nf3 d6 3. d4 cxd4 4. Nxd4 Nf6 5. Nc3 g6 6. f4 Nc6 7. Nf3 Bg7 8. Bd3 0-0 9. 0-0 Qb6+ 10. Kh1 Be6 11. Qe1 Rac8 12. f5 Bd7 13. Rb1 Ng4 14. Nd5 Qd8 15. Qh4 Nge5 16. Nxe5 dxe5 17. Bg5 f6 18. Bc4 Rf7 19. fxg6 hxg6 20. Nxf6+ exf6 21. Rxf6 1-0

[Event "Palic Karadzic Memorial op"]
[Site "Palic"]
[Date "2017.10.29"]
[Round "3"]
[White "Stojanovski, Zdravko"]
[Black "Sarenac, David"]
[Result "1-0"]
[WhiteElo "2040"]
[BlackElo "2374"]
[PlyCount "75"]
[EventDate "2017.10.28"]
[EventType "swiss"]
[EventRounds "9"]
[EventCountry "SRB"]
[SourceTitle "CBM 181 Extra"]
[Source "ChessBase"]
[SourceDate "2017.12.12"]
[SourceVersion "1"]
[SourceVersionDate "2017.12.12"]
[SourceQuality "1"]

1. d3 Nf6 2. Nd2 g6 3. g3 Bg7 4. Bg2 0-0 5. Ngf3 d5 6. c3 Nc6 7. Qc2 e5 8. e4 a5 9. 0-0 Re8 10. a4 b6 11. Rd1 Bb7 12. Nf1 h6 13. b3 Qd7 14. Bb2 Rad8 15. Rac1 Kh7 16. Ne3 d4 17. cxd4 exd4 18. Nc4 Qe6 19. Qd2 Nd7 20. Qf4 Rc8 21. Ba3 Nb4 22. Bxb4 axb4 23. Qd2 Qe7 24. Bh3 Rcd8 25. Bxd7 Rxd7 26. Qf4 Qe6 27. g4 Kg8 28. Kh1 Rf8 29. Rg1 f6 30. h4 Kh8 31. Rce1 Rff7 32. Kh2 Bf8 33. h5 g5 34. Qf5 Qe7 35. Nfd2 Bc8 36. Qf3 Qe6 37. Qg3 Bc5 38. f4 1-0

[Event "SRB-chT"]
[Site "Ruma"]
[Date "2017.09.09"]
[Round "9.5"]
[White "Bozic, Milan"]
[Black "Sarenac, David"]
[Result "0-1"]
[WhiteElo "2406"]
[BlackElo "2382"]
[PlyCount "86"]
[EventDate "2017.09.01"]
[EventType "team-tourn"]
[EventRounds "11"]
[EventCountry "SRB"]
[SourceTitle "CBM 180 Extra"]
[Source "ChessBase"]
[SourceDate "2017.10.06"]
[SourceVersion "1"]
[SourceVersionDate "2017.10.06"]
[SourceQuality "1"]
[WhiteTeam "Valjevo Sveti Nikolaj"]
[BlackTeam "Pancevo Gligoric"]
[WhiteTeamCountry "SRB"]
[BlackTeamCountry "SRB"]

1. c4 e5 2. Nc3 Nf6 3. Nf3 Nc6 4. g3 Nd4 5. Bg2 Nxf3+ 6. Bxf3 Bb4 7. 0-0 0-0 8. d3 h6 9. Qb3 a5 10. Na4 Bd6 11. Be3 Re8 12. c5 Bf8 13. Rfc1 d5 14. cxd6 Bxd6 15. Bc5 e4 16. dxe4 Nxe4 17. Bxd6 Nxd6 18. Qc3 c6 19. Rd1 Qc7 20. Qc5 Ne4 21. Qb6 Qe7 22. Qe3 Bf5 23. Nb6 Rad8 24. Rac1 Qf6 25. Nc4 Ng5 26. Qc3 Qxc3 27. bxc3 Nxf3+ 28. exf3 Rxd1+ 29. Rxd1 a4 30. a3 Re2 31. Kg2 Be6 32. Rd8+ Kh7 33. Nd2 Bd5 34. Nf1 Ra2 35. Ne3 Be6 36. c4 Rxa3 37. Ra8 b5 38. Ra6 Rc3 39. cxb5 cxb5 40. Kf1 a3 41. Ke2 b4 42. Kd2 a2 43. Nc2 Rxf3 0-1

[Event "SRB-chT"]
[Site "Ruma"]
[Date "2017.09.06"]
[Round "6.5"]
[White "Sarenac, David"]
[Black "Miljkovic, Miroslav D"]
[Result "1/2-1/2"]
[WhiteElo "2382"]
[BlackElo "2457"]
[PlyCount "27"]
[EventDate "2017.09.01"]
[EventType "team-tourn"]
[EventRounds "11"]
[EventCountry "SRB"]
[SourceTitle "CBM 180 Extra"]
[Source "ChessBase"]
[SourceDate "2017.10.06"]
[SourceVersion "1"]
[SourceVersionDate "2017.10.06"]
[SourceQuality "1"]
[WhiteTeam "Pancevo Gligoric"]
[BlackTeam "Ruma Sloven"]
[WhiteTeamCountry "SRB"]
[BlackTeamCountry "SRB"]

1. e4 c5 2. Nf3 Nc6 3. d4 cxd4 4. Nxd4 Nf6 5. Nc3 e5 6. Ndb5 d6 7. Bg5 a6 8. Na3 Be6 9. Nc4 Rb8 10. Ne3 Be7 11. Bxf6 Bxf6 12. g3 Bg5 13. Nf5 0-0 14. h4 1/2-1/2

[Event "SRB-chT"]
[Site "Ruma"]
[Date "2017.09.02"]
[Round "2.5"]
[White "Marinkovic, Ivan"]
[Black "Sarenac, David"]
[Result "1-0"]
[WhiteElo "2463"]
[BlackElo "2382"]
[PlyCount "121"]
[EventDate "2017.09.01"]
[EventType "team-tourn"]
[EventRounds "11"]
[EventCountry "SRB"]
[SourceTitle "CBM 180 Extra"]
[Source "ChessBase"]
[SourceDate "2017.10.06"]
[SourceVersion "1"]
[SourceVersionDate "2017.10.06"]
[SourceQuality "1"]
[WhiteTeam "Kraljevo Sloga Turist"]
[BlackTeam "Pancevo Gligoric"]
[WhiteTeamCountry "SRB"]
[BlackTeamCountry "SRB"]

1. e4 c5 2. Nf3 d6 3. d4 cxd4 4. Nxd4 Nf6 5. Nc3 a6 6. g3 e5 7. Nb3 Be7 8. Bg2 0-0 9. a4 Be6 10. 0-0 Nbd7 11. a5 Qb8 12. Re1 Bd8 13. Qd3 b5 14. axb6 Bxb6 15. Nd5 Bxd5 16. exd5 a5 17. Ra4 Nc5 18. Nxc5 Bxc5 19. Bg5 e4 20. Bxe4 Nxe4 21. Rexe4 Qxb2 22. Rh4 g6 23. Bd2 Qb6 24. Rhf4 f5 25. Bc3 Rfe8 26. Kg2 Re7 27. Bf6 Rf7 28. Ba1 Re8 29. Qc3 Re5 30. Qd2 Bb4 31. Rfxb4 axb4 32. Bxe5 dxe5 33. Qxb4 Qc7 34. Qc4 Qb7 35. Rb4 Qa8 36. Qc6 Qa3 37. Rb3 Qa1 38. Qc3 Qxc3 39. Rxc3 Rd7 40. Rc8+ Kf7 41. c4 e4 42. Rc6 Ra7 43. h4 Ra2 44. Kf1 h6 45. Rc7+ Kf6 46. d6 g5 47. hxg5+ hxg5 48. Rc8 Ke6 49. c5 Rc2 50. Re8+ Kd7 51. Re7+ Kd8 52. Re5 f4 53. Rxg5 f3 54. Ke1 Kd7 55. Rg7+ Kd8 56. Re7 Rxc5 57. Rxe4 Kd7 58. Kd2 Kxd6 59. Ke3 Rc3+ 60. Kf4 Kd5 61. Re3 1-0

[Event "SRB-chT"]
[Site "Ruma"]
[Date "2017.09.01"]
[Round "1.3"]
[White "Vuckovic, Bojan"]
[Black "Sarenac, David"]
[Result "1-0"]
[WhiteElo "2576"]
[BlackElo "2382"]
[PlyCount "143"]
[EventDate "2017.09.01"]
[EventType "team-tourn"]
[EventRounds "11"]
[EventCountry "SRB"]
[SourceTitle "CBM 180 Extra"]
[Source "ChessBase"]
[SourceDate "2017.10.06"]
[SourceVersion "1"]
[SourceVersionDate "2017.10.06"]
[SourceQuality "1"]
[WhiteTeam "Belgrade Itaka"]
[BlackTeam "Pancevo Gligoric"]
[WhiteTeamCountry "SRB"]
[BlackTeamCountry "SRB"]

1. e4 c5 2. Nf3 d6 3. d4 cxd4 4. Nxd4 Nf6 5. Nc3 a6 6. h3 e6 7. g4 b5 8. Bg2 Bb7 9. 0-0 Nfd7 10. Be3 Nc6 11. f4 Rc8 12. Nce2 Be7 13. Qd2 Nxd4 14. Bxd4 0-0 15. Rad1 Qc7 16. c3 e5 17. Be3 Nb6 18. Qe1 Nc4 19. Bc1 Qc5+ 20. Kh2 Ne3 21. Bxe3 Qxe3 22. fxe5 Qc5 23. exd6 Bxd6+ 24. Ng3 Rfe8 25. Qf2 Bxg3+ 26. Kxg3 Qxf2+ 27. Rxf2 Bxe4 28. Rd7 f6 29. g5 Bxg2 30. gxf6 gxf6 31. Rxg2 Rcd8 32. Kf4+ Kh8 33. Rxd8 Rxd8 34. Kf5 Rd3 35. h4 Rh3 36. Ke6 h5 37. Rg6 Rh2 38. Rxf6 Rxb2 39. Kf7 Kh7 40. Rxa6 Rc2 41. Rb6 Rxc3 42. Rxb5 Kh6 43. Rb6+ Kh7 44. Ra6 Rc4 45. Kf6 Rxh4 46. Kg5 Rh2 47. a4 Kg7 48. a5 h4 49. Ra7+ Kg8 50. a6 h3 51. Kg4 Rh1 52. Kg3 h2 53. Kg2 Ra1 54. Kxh2 Ra3 55. Kg2 Kf8 56. Ra8+ Kg7 57. Kf2 Kh7 58. Ke2 Kg7 59. Kd2 Kh7 60. Kc2 Kg7 61. Kb2 Ra5 62. Kb3 Ra1 63. Kc4 Rc1+ 64. Kb5 Rb1+ 65. Kc6 Rc1+ 66. Kb7 Rb1+ 67. Ka7 Kf7 68. Rb8 Ra1 69. Rb2 Rd1 70. Kb7 Ke7 71. a7 Rd7+ 72. Ka6 1-0

[Event "Paracin Summer op-A 10th"]
[Site "Paracin"]
[Date "2017.07.11"]
[Round "5"]
[White "Sarenac, David"]
[Black "Blagojevic, Dragisa"]
[Result "1/2-1/2"]
[WhiteElo "2329"]
[BlackElo "2483"]
[PlyCount "92"]
[EventDate "2017.07.07"]
[EventType "swiss"]
[EventRounds "9"]
[EventCountry "SRB"]
[SourceTitle "EXT 2018"]
[Source "ChessBase"]
[SourceDate "2017.10.13"]
[SourceVersion "1"]
[SourceVersionDate "2017.10.13"]
[SourceQuality "1"]

1. e4 e5 2. Nf3 Nc6 3. c3 Nf6 4. d4 Nxe4 5. d5 Nb8 6. Nxe5 Qe7 7. Qd4 d6 8. Bb5+ Bd7 9. Bxd7+ Nxd7 10. Nxd7 Nf6+ 11. Be3 Qxd7 12. h3 Be7 13. c4 0-0 14. Nc3 a6 15. 0-0 Rae8 16. Rfe1 Qc8 17. Re2 Nd7 18. Rae1 Bf6 19. Qd2 Re7 20. Bf4 Rxe2 21. Rxe2 Bxc3 22. Qxc3 Re8 23. Kf1 Rxe2 24. Kxe2 Qe8+ 25. Qe3 Qxe3+ 26. Kxe3 a5 27. g4 f6 28. b3 Kf7 29. Bg3 Kg6 30. f4 h5 31. Kf3 hxg4+ 32. hxg4 a4 33. Bf2 axb3 34. f5+ Kf7 35. axb3 Ne5+ 36. Kg3 g5 37. Bd4 Ke7 38. Bxe5 dxe5 39. c5 b6 40. b4 bxc5 41. bxc5 Kd7 42. Kf3 Kc8 43. Ke4 Kb7 44. Kd3 Ka6 45. Kc4 Kb7 46. Kd3 Ka6 1/2-1/2

[Event "Belgrade Nedeljkovic Cup"]
[Site "Belgrade"]
[Date "2017.05.27"]
[Round "5"]
[White "Ratkovic, Miloje"]
[Black "Sarenac, David"]
[Result "1-0"]
[WhiteElo "2253"]
[BlackElo "2331"]
[PlyCount "67"]
[EventDate "2017.05.26"]
[EventType "tourn"]
[EventRounds "9"]
[EventCountry "SRB"]
[SourceTitle "CBM 178 Extra"]
[Source "ChessBase"]
[SourceDate "2017.06.22"]
[SourceVersion "1"]
[SourceVersionDate "2017.06.22"]
[SourceQuality "1"]

1. d4 e6 2. c4 d5 3. cxd5 exd5 4. Nf3 c6 5. Nc3 f5 6. Bf4 Nf6 7. e3 Be7 8. Be2 0-0 9. 0-0 Nbd7 10. Ne5 Nxe5 11. Bxe5 Ne4 12. f3 Nd6 13. a3 a5 14. Bd3 Be6 15. b3 Rc8 16. Qe2 Nf7 17. f4 Nxe5 18. fxe5 c5 19. Nb5 c4 20. Bc2 Qb6 21. bxc4 dxc4 22. Rab1 Qa6 23. Qf3 Qc6 24. Qh3 Qd7 25. Nc3 g6 26. d5 Bxd5 27. Rfd1 Bxa3 28. Nxd5 Qg7 29. Nf6+ Kh8 30. Rd7 Rf7 31. Rbxb7 Re7 32. Rxe7 Bxe7 33. Nd5 Re8 34. Nxe7 1-0